Music Quiz

Random Music or Clickable Quiz

Eurovision 2014 Finalists Quiz Stats

Quiz not verified by Sporcle

Challenge
Share
Tweet
Embed
Score 0/26 Timer 10:00
0 Plays Today
% Correct
Denmark
97.5%
Italy
97.5%
Austria
97.5%
Germany
96%
Finland
96%
France
95.5%
Azerbaijan
95%
Russia
94.5%
Romania
94%
Netherlands
93.5%
Spain
93.5%
Sweden
93%
Greece
93%
% Correct
Iceland
92.5%
Malta
92.5%
Belarus
92%
Armenia
91%
Poland
91%
Hungary
90.5%
Norway
90.5%
Ukraine
89%
Montenegro
89%
United Kingdom
89%
San Marino
88.5%
Switzerland
87%
Slovenia
84%

You're not logged in!

Compare scores with friends on all Sporcle quizzes.
Join for Free
OR
Log In

You Might Also Like...

Show Comments

Extras

Top Quizzes Today


Score Distribution

Your Account Isn't Verified!

In order to create a playlist on Sporcle, you need to verify the email address you used during registration. Go to your Sporcle Settings to finish the process.

Report this User

Report this user for behavior that violates our Community Guidelines.

Details: